000 00244nam a2200097Ia 4500
001 709035
005 20250826162539.0
008 250824s9999 xx 000 0 und d
245 0 _aALİŞİN KABAKLARI
_cAYLA ÇINAROĞLU
260 _bTUDEM YAYINLARI
999 _c709035
_d709035